| 000 | 00942nam a22002417a 4500 | ||
|---|---|---|---|
| 005 | 20240530110507.0 | ||
| 008 | 151013s2009 ua ao f b 000 0 ara d | ||
| 017 |
_a2009/9443 _bمصر . دار الكتب المصرية |
||
| 020 | _a9773222594 | ||
| 040 | _aEG-CaGPL | ||
| 082 | 0 | 4 |
_221 _a680\ _bم ح |
| 100 | 0 | _aمحمد احمد غنيم | |
| 245 | 1 | 2 |
_aالحرف و الصناعات الشعبية : _bدراسة اثنوجرافية / _cمحمد احمد غنيم |
| 250 | _aط1 | ||
| 260 |
_aالقاهرة : _bعين للدراسات و البحوث الانسانية و الاجتماعية ، _c2009 . |
||
| 300 |
_a448 ص : _bصور ؛ _c24 سم + _eملاحق . |
||
| 504 | _aيشتمل على ارجاعات ببليوجرافية | ||
| 650 | 0 | 4 | _aالحرف البدوية |
| 650 | 0 | 4 | _aالصناعات البدوية |
| 650 | 0 | 4 | _aالهوايات |
| 942 |
_2ddc _cBK |
||
| 999 |
_c61601 _d61601 |
||